000 00369nam a2200145Ia 4500
008 210210b1976 xxu||||| |||| 00| 0 eng d
082 _a540 PURC
100 _aPURI (B R) and Others.
245 _aCombined course in chemistry.V2.
260 _a
_bS. Nagin & Co
_c1976
300 _aiv,211
650 _aInorganic Chemistry
690 _aChemistry
906 _aCC00218
999 _c109300
_d109300